Govt. of
Madhya Pradesh

World Histroy (Record no. 66212)

MARC details
000 -LEADER
fixed length control field 00292nam a22001097a 4500
082 ## - DEWEY DECIMAL CLASSIFICATION NUMBER
Classification number 900/RED
100 ## - MAIN ENTRY--AUTHOR NAME
Personal name Reddy,Krishna
245 ## - TITLE STATEMENT
Title World Histroy
Sub Title For UPSC and State civil services examination
260 ## - PUBLICATION, DISTRIBUTION, ETC. (IMPRINT)
Place of publication Chennai
Name of publisher McGraw Hill
Year of publication 2023
650 ## - SUBJECT ADDED ENTRY--TOPICAL TERM
Topical Term World History
942 ## - ADDED ENTRY ELEMENTS (KOHA)
Koha item type Books
Holdings
Withdrawn status Lost status Damaged status Not for loan Home library Current library Date acquired Cost, normal purchase price Full call number Accession Number Price effective from Koha item type
        MACL MACL 25/10/2023 495.00 900/RED DPI001537 25/10/2023 Books